00334nam a2200145Ia 45000030006000000080041000060400015000471000015000622450038000772500006001152600032001213000006001535460012001590050017001710STCL150530s9999 xx 000 0 und d aSTCLcSTCL aKalsi,P.S. aSpectroscopy of organic compounds a6 bNew age internationalc2004 a0 aEnglish20220125170320.0